KOUMARBHRUTYA TANTRA ( STREE VIDNYANIYA ) (Record no. 1201104)

MARC details
000 -LEADER
fixed length control field 00444nam a2200169Ia 4500
008 - FIXED-LENGTH DATA ELEMENTS--GENERAL INFORMATION
fixed length control field 240830s2009 xx 000 0 und d
041 ## - LANGUAGE CODE
Language code of text/sound track or separate title mar
082 ## - DEWEY DECIMAL CLASSIFICATION NUMBER
Classification number 610/SHA
100 ## - MAIN ENTRY--PERSONAL NAME
Personal name RAJWADE N S
245 ## - TITLE STATEMENT
Title KOUMARBHRUTYA TANTRA ( STREE VIDNYANIYA )
250 ## - EDITION STATEMENT
Edition statement 5
260 ## - PUBLICATION, DISTRIBUTION, ETC.
Place of publication, distribution, etc. PUNE
Name of publisher, distributor, etc. VAIDYAMITRA PRAKASHAN
Date of publication, distribution, etc. 2009
300 ## - PHYSICAL DESCRIPTION
Extent 694p
650 ## - SUBJECT ADDED ENTRY--TOPICAL TERM
Topical term or geographic name entry element GYANECOLOGY
906 ## - LOCAL DATA ELEMENT F, LDF (RLIN)
a KOUMARBHRUTYA TANTRA ( STREE VIDNYANIYA )
Holdings
Withdrawn status Lost status Damaged status Not for loan Home library Current library Date acquired Cost, normal purchase price Total Checkouts Full call number Barcode Date last seen Price effective from Koha item type
        College of Ayurved, Pune College of Ayurved, Pune 30/08/2024 300.00   610/SHA ACP-UG-11362 30/08/2024 30/08/2024 Book